Szliács UjPest és Bristol

Zobrazenie: Pohľad na budovu s otvorenými okenicami, pri ktorej sú periny na dvoch kopách. Na dvoch balkónoch je po jednom mužovi. Vedľa nej je rad malých stromčekov a v popredí stojí muž. Vľavo vedľa cesty sú stromy a na ceste v strede stojí muž vedľa stola

Bibliographic Details
Format: Photo
Language:Hungarian
Slovak
PhysicalDescription:1 pohľadnica tónovaná do zelena 9 x 14 cm
Published: [Slovensko?] [vydavateľ neznámy] [medzi 1905 a 1930?]
Subjects:

MARC

LEADER 00000nkm a2200000 a 4500
001 vtls011777152
003 SK-MaSNL
005 20260301100033.0
007 kf ao
008 230706q1905 xo g kuhun
015 |a SNBG 
035 |a urn:nbn:sk:snk-km00docr 
035 |a urn:nbn:sk:snk-km3lyxi 
035 |a BFA6F545-5C82-4716-9A09-296D75E3B3D2 
040 |a SNK  |b slo  |c SNK  |e AACR2 
041 0 |a slo 
043 |a e-xo--- 
044 |a xo  |c SK 
072 7 |a 913  |x Regionálna geografia  |2 konspekt 
080 |a 913(437.6)  |2 2011 
080 |a 711.455:615.838  |2 2011 
080 |a 640.412  |2 2011 
080 |a (084.121)  |2 2011 
245 0 0 |a Szliács  |h grafika  |b UjPest és Bristol 
260 |a [Slovensko?]  |b [vydavateľ neznámy]  |c [medzi 1905 a 1930?] 
300 |a 1 pohľadnica  |b tónovaná do zelena  |c 9 x 14 cm 
500 |a Názvové údaje prevzaté z obrazovej časti pohľadnice 
520 8 |a Zobrazenie: Pohľad na budovu s otvorenými okenicami, pri ktorej sú periny na dvoch kopách. Na dvoch balkónoch je po jednom mužovi. Vedľa nej je rad malých stromčekov a v popredí stojí muž. Vľavo vedľa cesty sú stromy a na ceste v strede stojí muž vedľa stola 
610 2 7 |a Kúpele Sliač (Slovensko)  |2 SNKKA  |9 174835 
650 0 7 |a kúpele  |2 SNKPH  |9 1139 
650 0 7 |a hotely  |2 SNKPH  |9 18422 
651 7 |a Sliač (Slovensko)  |2 SNKPHgeo  |9 17143 
655 7 |a miestne pohľadnice  |2 SNKPH  |9 70510 
852 |a Slovenská národná knižnica 
958 |a ONDV 
958 |a GBN 
958 |a GC 
999 |c 685010  |d 686940 
952 |a SNK  |b SNK  |y PREZ  |7 0  |p 17A1224385  |o snkSP 21382  |0 0  |1 0  |4 0  |d 2018-09-05  |f 1  |l 0  |r 2026-02-23 20:09:30  |w 2026-02-23